<?xml version="1.0" encoding="UTF-8"?>
<record
    xmlns:xsi="http://www.w3.org/2001/XMLSchema-instance"
    xsi:schemaLocation="http://www.loc.gov/MARC21/slim http://www.loc.gov/standards/marcxml/schema/MARC21slim.xsd"
    xmlns="http://www.loc.gov/MARC21/slim">

  <leader>00202nam a22000857a 4500</leader>
  <controlfield tag="001">1241791</controlfield>
  <controlfield tag="005">20251013130746.0</controlfield>
  <datafield tag="245" ind1=" " ind2=" ">
    <subfield code="a">B&#x130;NB&#x130;R GECE MASALLARI</subfield>
    <subfield code="c">NEF&#x130;SE AT&#xC7;AKALAR</subfield>
  </datafield>
  <datafield tag="260" ind1=" " ind2=" ">
    <subfield code="b">T&#x130;MA&#x15E; YAYINLARI</subfield>
  </datafield>
  <datafield tag="999" ind1=" " ind2=" ">
    <subfield code="c">1241791</subfield>
    <subfield code="d">1241791</subfield>
  </datafield>
  <datafield tag="952" ind1=" " ind2=" ">
    <subfield code="0">0</subfield>
    <subfield code="1">0</subfield>
    <subfield code="2">ddc</subfield>
    <subfield code="4">0</subfield>
    <subfield code="7">0</subfield>
    <subfield code="a">1052</subfield>
    <subfield code="b">1052</subfield>
    <subfield code="d">2025-10-13</subfield>
    <subfield code="l">1</subfield>
    <subfield code="p">10529419</subfield>
    <subfield code="r">2025-11-18 14:21:22</subfield>
    <subfield code="s">2025-11-06</subfield>
    <subfield code="w">2025-10-13</subfield>
    <subfield code="y">BK</subfield>
  </datafield>
</record>
